[Event "Oceania zt"]
[Site "Gold Coast"]
[Date "1999.04.19"]
[Round "7"]
[White "Wohl, Aleksandar H"]
[Black "Smerdon, David"]
[Result "1/2-1/2"]
[WhiteElo "2440"]
[BlackElo "2173"]
[EventDate "1999.04.13"]
[PlyCount "138"]

1.Nf3 d5 2.b3 Nf6 3.Bb2 e6 4.e3 Be7 5.d3 b6 6.Nbd2 Bb7 7.Be2 c5 8.Ne5 Nc6 
9.Ndf3 Qc7 10.Nxc6 Bxc6 11.Ne5 Bb7 12.O-O O-O 13.f4 Nd7 14.Qe1 f6 15.Nf3 
Bd6 16.Qh4 Rae8 17.Rae1 d4 18.Nd2 dxe3 19.Nc4 e5 20.f5 e4 21.Bh5 Re7 22.
Rxe3 exd3 23.Rxd3 Re4 24.Qh3 Be5 25.Rfd1 Bc6 26.Bf3 Rxc4 27.Bxc6 Qxc6 28.
Rxd7 Rd4 29.R7xd4 Bxd4+ 30.Bxd4 cxd4 31.Qd3 Rc8 32.Qxd4 Qxc2 33.Qd5+ Kf8 
34.Qd6+ Kg8 35.Qe6+ Kf8 36.Re1 Qc5+ 37.Kh1 Qc6 38.Qe7+ Kg8 39.h3 a5 40.Re6
Qc1+ 41.Re1 Qc6 42.a4 h6 43.Re3 Qc1+ 44.Kh2 Qc7+ 45.Qxc7 Rxc7 46.Re6 Rb7 
47.Kg3 Kf7 48.Rc6 g6 49.fxg6+ Kxg6 50.Rd6 Rb8 51.Kf2 Kf7 52.g4 Kg6 53.Kg3 
Rb7 54.h4 b5 55.h5+ Kf7 56.Ra6 bxa4 57.bxa4 Rb3+ 58.Kf4 Rb4+ 59.Kf5 Rxa4 
60.Rxf6+ Kg7 61.Rg6+ Kh7 62.Ra6 Kg7 63.Ra7+ Kg8 64.Ra8+ Kh7 65.Ra7+ Kg8 
66.g5 hxg5 67.Kg6 Rf4 68.Rxa5 g4 69.h6 Rf8 1/2-1/2

[Event "Oceania zt"]
[Site "Gold Coast"]
[Date "1999.04.20"]
[Round "8"]
[White "Berezina, Irina"]
[Black "Smerdon, David"]
[Result "1/2-1/2"]
[WhiteElo "2230"]
[BlackElo "2173"]
[EventDate "1999.04.13"]
[PlyCount "23"]

1.d4 Nf6 2.c4 e6 3.Nf3 d5 4.cxd5 exd5 5.Nc3 c6 6.Bg5 Be7 7.Qc2 Na6 8.Bxf6 
Bxf6 9.e3 Qa5 10.Be2 g6 11.O-O O-O 12.a3 1/2-1/2

[Event "Oceania zt"]
[Site "Gold Coast"]
[Date "1999.04.20"]
[Round "8"]
[White "Feldman, Vladimir"]
[Black "Depasquale, Chris"]
[Result "1-0"]
[WhiteElo "2330"]
[BlackElo "2302"]
[EventDate "1999.04.13"]
[PlyCount "113"]

1.d4 f5 2.g3 Nf6 3.Bg2 g6 4.c3 Bg7 5.Qb3 c6 6.Nh3 Qb6 7.Nd2 Qxb3 8.axb3 d5
9.Nf4 Na6 10.Nd3 Nc7 11.Nf3 Ne6 12.h4 a6 13.Nfe5 Nd7 14.Nxd7 Bxd7 15.b4 
O-O 16.Bf4 Rae8 17.e3 Bc8 18.Be5 Bf6 19.Kd2 Nd8 20.b3 Nf7 21.Bxf6 exf6 22.
c4 dxc4 23.bxc4 Nd6 24.Rhc1 Rd8 25.Nc5 Rfe8 26.Bf1 Kg7 27.Bd3 h5 28.Rab1 
Bd7 29.Nxd7 Rxd7 30.b5 c5 31.bxa6 bxa6 32.d5 Kf7 33.Kc3 Ke7 34.Rb6 Ra7 35.
Ra1 a5 36.Bc2 Rc8 37.f3 Rb7 38.Rxb7+ Nxb7 39.Rb1 Nd6 40.Rb6 Ra8 41.Ba4 g5 
42.Rc6 Rc8 43.Ra6 g4 44.Ra7+ Kf8 45.Bd1 Re8 46.Kd3 Nf7 47.fxg4 hxg4 48.
Rxa5 Re4 49.Ra8+ Ke7 50.Ra7+ Kf8 51.Ra8+ Ke7 52.Ra7+ Kf8 53.Be2 Ne5+ 54.
Kd2 Nxc4+ 55.Bxc4 Rxc4 56.d6 Ke8 57.h5 1-0

[Event "Oceania zt"]
[Site "Gold Coast"]
[Date "1999.04.20"]
[Round "8"]
[White "Ilic, Ilija"]
[Black "Tindall, Brett"]
[Result "0-1"]
[WhiteElo "2115"]
[BlackElo "2250"]
[EventDate "1999.04.13"]
[PlyCount "134"]

1.d4 Nf6 2.Nc3 d5 3.Bf4 e6 4.Qd2 a6 5.e3 c5 6.f3 Nc6 7.Nge2 c4 8.g4 Be7 9.
h4 b5 10.a3 Bb7 11.Bg2 Qb6 12.h5 a5 13.Kf2 O-O 14.g5 Nd7 15.Bh3 Nd8 16.g6 
h6 17.gxf7+ Nxf7 18.Rag1 Ng5 19.Bxg5 Bxg5 20.f4 b4 21.axb4 axb4 22.Nd1 Nf6
23.Bg2 Ne8 24.Bf3 Bf6 25.Kg2 Nd6 26.Nf2 Ra2 27.Rb1 Nf5 28.Ng4 Nh4+ 29.Kf2 
Nxf3 30.Kxf3 e5 31.Nxf6+ Qxf6 32.dxe5 Qxe5 33.Qd4 Qf5 34.Rbg1 Rf7 35.Ng3 
Qxc2 36.Rg2 Qh7 37.Rhg1 Bc8 38.e4 Ra5 39.Ke3 Re7 40.f5 Kf7 41.e5 Kf8 42.
Rf1 Ke8 43.Rgf2 Qg8 44.Kf4 Qf8 45.Qb6 Rea7 46.Qg6+ Kd8 47.Ne2 R5a6 48.Qg4 
Kc7 49.Kg3 Ra1 50.Qd4 Bb7 51.Nf4 Qe7 52.Ne6+ Kc6 53.Rxa1 Rxa1 54.Kf3 Re1 
55.Re2 Rf1+ 56.Rf2 Re1 57.Re2 Rf1+ 58.Rf2 Re1 59.Re2 Rf1+ 60.Rf2 Rxf2+ 61.
Qxf2 c3 62.bxc3 bxc3 63.Qa2 Qb4 64.Qb3 Qe4+ 65.Kf2 Qxf5+ 66.Ke2 Qxh5+ 67.
Kd3 Qf5+ 0-1

[Event "Oceania zt"]
[Site "Gold Coast"]
[Date "1999.04.20"]
[Round "8"]
[White "Johansen, Darryl Keith"]
[Black "Wohl, Aleksandar H"]
[Result "0-1"]
[WhiteElo "2490"]
[BlackElo "2440"]
[EventDate "1999.04.13"]
[PlyCount "98"]

1.c4 c5 2.Nc3 g6 3.g3 Bg7 4.Bg2 Nc6 5.e3 d6 6.Nge2 Nf6 7.b3 h5 8.h3 Bd7 9.
Bb2 Rb8 10.d4 Qc8 11.Rc1 O-O 12.Nd5 Nxd5 13.cxd5 Nb4 14.a3 Na6 15.Qd2 b6 
16.Nf4 Nc7 17.O-O Qa6 18.Rfe1 Rfc8 19.a4 Ne8 20.Bf1 Qb7 21.e4 cxd4 22.Bxd4
Rxc1 23.Rxc1 Rc8 24.Bxg7 Kxg7 25.Qb2+ Nf6 26.Rc4 Rxc4 27.Bxc4 Qc7 28.Bd3 
Kg8 29.h4 Qc5 30.b4 Qc7 31.Qc2 Ne8 32.Ne2 a5 33.Qxc7 Nxc7 34.b5 e6 35.Bc4 
Kg7 36.Nd4 Kf6 37.f4 exd5 38.exd5 Bf5 39.Nc6 Bc2 40.Nxa5 Bxa4 41.Nc6 Bxb5 
42.Bb3 Na6 43.Na7 Bd7 44.Bc4 Nc5 45.Kg2 Ne4 46.Bb5 Bf5 47.Bc4 Nc3 48.Kf2 
Be4 49.Nc8 b5 0-1

[Event "Oceania zt"]
[Site "Gold Coast"]
[Date "1999.04.20"]
[Round "8"]
[White "Levi, Eddy"]
[Black "Dive, Russell John"]
[Result "1/2-1/2"]
[WhiteElo "2245"]
[BlackElo "2440"]
[EventDate "1999.04.13"]
[PlyCount "145"]

1.e4 Nf6 2.e5 Nd5 3.Nc3 Nxc3 4.dxc3 d6 5.Bf4 Nc6 6.Nf3 Bg4 7.Bb5 e6 8.h3 
Bh5 9.g4 Bg6 10.Qe2 a6 11.Bd3 dxe5 12.Nxe5 Qd5 13.f3 Nxe5 14.Bxe5 O-O-O 
15.Bc4 Qc6 16.Bd3 f6 17.Bg3 e5 18.O-O-O Bc5 19.Bf2 Bxf2 20.Qxf2 Kb8 21.
Rhe1 Rd6 22.Bxg6 Rxd1+ 23.Rxd1 hxg6 24.Qg3 g5 25.Rd3 Kc8 26.b3 Qc5 27.Kb2 
g6 28.Qg2 Qe7 29.Qf2 b6 30.Qe2 Qe8 31.Qg2 Kb8 32.c4 Qe7 33.Qd2 Kc8 34.Qe2 
Qe8 35.Qg2 Qc6 36.a4 a5 37.Rd5 Rd8 38.f4 Rxd5 39.cxd5 Qc5 40.fxg5 fxg5 41.
Qe4 Qd6 42.c3 Kd7 43.b4 Qf6 44.Kb3 axb4 45.cxb4 Kd6 46.a5 bxa5 47.bxa5 Qf1
48.a6 c5 49.dxc6 Qxa6 50.Qxg6+ Kc7 51.Qg7+ Kb6 52.Qxe5 Qd3+ 53.Qc3 Qd5+ 
54.Qc4 Qd1+ 55.Kb4 Qd2+ 56.Qc3 Qf4+ 57.Kb3 Kc7 58.Kc2 Qh2+ 59.Kb3 Qf4 60.
Kb2 Qh2+ 61.Ka3 Qd6+ 62.Kb3 Qf4 63.Qc4 Qg3+ 64.Kb4 Qxh3 65.Kb5 Qh7 66.Qf1 
Qe7 67.Qc4 Qe5+ 68.Ka6 Qa1+ 69.Kb5 Qe5+ 70.Qc5 Qb2+ 71.Ka5 Qa2+ 72.Kb5 
Qb2+ 73.Ka5 1/2-1/2

[Event "Oceania zt"]
[Site "Gold Coast"]
[Date "1999.04.20"]
[Round "8"]
[White "Reeves, Tristan"]
[Black "Laird, Craig"]
[Result "0-1"]
[WhiteElo "2245"]
[BlackElo "2300"]
[EventDate "1999.04.13"]
[PlyCount "73"]

1.e4 c5 2.Nf3 Nc6 3.d4 cxd4 4.Nxd4 g6 5.Nc3 Bg7 6.Be3 Nf6 7.Bc4 O-O 8.Bb3 
a5 9.O-O a4 10.Nxc6 bxc6 11.Nxa4 Nxe4 12.f3 Nd6 13.Bb6 Qe8 14.Re1 Nb7 15.
Bf2 Ra5 16.Qd2 d6 17.Bh4 e5 18.Nb6 Be6 19.Nc4 Rd5 20.Qb4 Qb8 21.a4 Nc5 22.
Qxb8 Rxb8 23.Na5 Nxb3 24.Nxb3 c5 25.a5 c4 26.Nc1 Rdb5 27.b3 e4 28.Ra2 exf3
29.gxf3 Bc3 30.Rd1 Bxa5 31.Rxd6 Bc7 32.Rc6 Bb6+ 33.Kg2 Rd5 34.Bf6 Be3 35.
Ne2 Rd2 36.Kf1 cxb3 37.Rb6 0-1

[Event "Oceania zt"]
[Site "Gold Coast"]
[Date "1999.04.20"]
[Round "8"]
[White "Reilly, Tim"]
[Black "Wallace, John Paul"]
[Result "1-0"]
[WhiteElo "2258"]
[BlackElo "2360"]
[EventDate "1999.04.13"]
[PlyCount "125"]

1.d4 d5 2.c4 dxc4 3.e3 g6 4.Bxc4 Bg7 5.Nf3 Nf6 6.O-O O-O 7.Nc3 Nfd7 8.e4 
Nb6 9.Be2 Bg4 10.d5 c6 11.h3 Bxf3 12.Bxf3 N8d7 13.dxc6 bxc6 14.Qc2 e6 15.
Rd1 Qe7 16.Be2 c5 17.Be3 Rac8 18.Nb5 a6 19.Na3 c4 20.Nb1 Nc5 21.Nc3 Qc7 
22.Rd2 Rfd8 23.Rad1 Rxd2 24.Rxd2 Qc6 25.f3 Be5 26.Qd1 Qc7 27.Kh1 Kg7 28.
Qg1 Kg8 29.Bxc5 Qxc5 30.Rd8+ Kg7 31.Rxc8 Qxg1+ 32.Kxg1 Nxc8 33.Bxc4 a5 34.
Kf2 Nb6 35.Bb5 Bd4+ 36.Ke2 g5 37.Kd3 Be5 38.b3 Kf6 39.Ne2 Ke7 40.Nd4 a4 
41.Nc6+ Kd6 42.Nxe5 axb3 43.Nc4+ Kc5 44.axb3 Kxb5 45.Nxb6 Kxb6 46.Kc4 Kc6 
47.b4 f6 48.b5+ Kd6 49.Kb4 Kc7 50.Kc5 Kb7 51.Kd6 Kb6 52.Kxe6 Kxb5 53.Kxf6 
h6 54.e5 Kc4 55.e6 Kd3 56.e7 Ke2 57.e8=Q+ Kf2 58.Kg6 Kg3 59.Kxh6 Kh2 60.
Kxg5 Kg1 61.Kg4 Kh2 62.Qe2 Kh1 63.Kg3 1-0

[Event "Oceania zt"]
[Site "Gold Coast"]
[Date "1999.04.20"]
[Round "8"]
[White "Stawski, Nikolai"]
[Black "Saw, Geoffrey"]
[Result "0-1"]
[WhiteElo "2045"]
[BlackElo "2205"]
[EventDate "1999.04.13"]
[PlyCount "58"]

1.e4 c5 2.d4 cxd4 3.c3 dxc3 4.Nxc3 Nc6 5.Nf3 d6 6.Bc4 a6 7.O-O Nf6 8.Qe2 
Bg4 9.h3 Bxf3 10.gxf3 Qc8 11.Kg2 e6 12.f4 Be7 13.Be3 O-O 14.Rac1 Qd8 15.
Kh2 Qa5 16.Rg1 d5 17.Bd3 d4 18.e5 Nxe5 19.b4 Bxb4 20.Bxd4 Ng6 21.Ne4 Nxe4 
22.Bxe4 Rad8 23.Rg5 b5 24.Qb2 Ba3 25.Qa1 Bxc1 26.Bxg7 Bxf4+ 27.Rg3 Bxg3+ 
28.Kxg3 Qc7+ 29.Kf3 Qf4+ 0-1

[Event "Oceania zt"]
[Site "Gold Coast"]
[Date "1999.04.21"]
[Round "9"]
[White "Berezina, Irina"]
[Black "Reilly, Tim"]
[Result "1-0"]
[WhiteElo "2230"]
[BlackElo "2258"]
[EventDate "1999.04.13"]
[PlyCount "51"]

1.Nf3 g6 2.d4 f5 3.g3 Nf6 4.Bg2 Bg7 5.O-O O-O 6.c3 Kh8 7.Nbd2 d6 8.Qb3 c6 
9.a4 Qe8 10.Re1 Nbd7 11.Ng5 Nb6 12.e4 h6 13.Ne6 Bxe6 14.Qxe6 f4 15.e5 dxe5
16.dxe5 Nfd7 17.Nf3 g5 18.gxf4 Qh5 19.fxg5 Rxf3 20.Bxf3 Qxf3 21.gxh6 Bf8 
22.Qg6 Nd5 23.c4 e6 24.Ra3 Qf5 25.Qxf5 exf5 26.e6 1-0

[Event "Oceania zt"]
[Site "Gold Coast"]
[Date "1999.04.21"]
[Round "9"]
[White "Depasquale, Chris"]
[Black "Solomon, Stephen J"]
[Result "1-0"]
[WhiteElo "2302"]
[BlackElo "2435"]
[EventDate "1999.04.13"]
[PlyCount "83"]

1.e4 c5 2.c4 Nc6 3.Nc3 g6 4.g3 Bg7 5.Bg2 e6 6.Nge2 Nge7 7.d3 d6 8.O-O a6 
9.Be3 Nd4 10.Qd2 h6 11.Rae1 Rb8 12.f4 f5 13.Kh1 O-O 14.Bg1 Nec6 15.Nxd4 
cxd4 16.Ne2 e5 17.b4 Qb6 18.Rb1 Nd8 19.c5 dxc5 20.fxe5 Nc6 21.bxc5 Qxc5 
22.Nf4 Nxe5 23.Rfc1 Qd6 24.exf5 Bxf5 25.Rb4 Nxd3 26.Nxd3 Bxd3 27.Rxd4 Bxd4
28.Qxd3 Be5 29.Bd5+ Kh7 30.Bc5 Qc7 31.Ba3 Qg7 32.Bxf8 Rxf8 33.a4 Rd8 34.
Qb3 Bb2 35.Rb1 Rd7 36.Be4 Rd2 37.Rf1 Bf6 38.Qe6 Qe7 39.Rxf6 Rd1+ 40.Kg2 
Rd2+ 41.Kh3 Qxe6+ 42.Rxe6 1-0

[Event "Oceania zt"]
[Site "Gold Coast"]
[Date "1999.04.21"]
[Round "9"]
[White "Dive, Russell John"]
[Black "Johansen, Darryl Keith"]
[Result "1-0"]
[WhiteElo "2440"]
[BlackElo "2490"]
[EventDate "1999.04.13"]
[PlyCount "73"]

1.d4 c5 2.d5 g6 3.e4 Bg7 4.c4 d6 5.Nc3 Na6 6.Nf3 Nc7 7.Bf4 Nf6 8.h3 O-O 9.
Be2 Nfe8 10.O-O e5 11.dxe6 Nxe6 12.Be3 Bd7 13.Qd2 Bc6 14.Bh6 Nf6 15.Bxg7 
Kxg7 16.Bd3 Re8 17.Rfe1 Nd7 18.Bf1 Ne5 19.Nh2 g5 20.b3 Qf6 21.Rad1 Rad8 
22.Be2 Nf4 23.Bf1 h5 24.g3 Ne6 25.Bg2 h4 26.Ne2 hxg3 27.fxg3 Qg6 28.Nc3 a6
29.Nf1 Nd4 30.Qf2 g4 31.hxg4 Nxg4 32.Qf4 Re5 33.Ne3 Nxe3 34.Rxe3 Rh8 35.
Rf1 Ne6 36.Qf2 Qh6 37.Qxf7# 1-0

[Event "Oceania zt"]
[Site "Gold Coast"]
[Date "1999.04.21"]
[Round "9"]
[White "Kulashko, Aleksei"]
[Black "Levi, Eddy"]
[Result "1-0"]
[WhiteElo "2396"]
[BlackElo "2245"]
[EventDate "1999.04.13"]
[PlyCount "151"]

1.e4 d5 2.exd5 Nf6 3.d4 Bg4 4.Be2 Bxe2 5.Nxe2 Qxd5 6.O-O Nc6 7.b3 O-O-O 8.
c4 Qh5 9.Bb2 Nxd4 10.Nxd4 Qxd1 11.Rxd1 e5 12.Nc3 exd4 13.Nb5 d3 14.Be5 Bc5
15.Bxc7 Rd7 16.Bg3 Ne4 17.b4 Bxb4 18.Nxa7+ Kd8 19.Nb5 Re8 20.a3 Ba5 21.Bf4
Nc3 22.Bd2 Ne2+ 23.Kf1 Bb6 24.Bb4 Bd4 25.Rab1 Be5 26.Rb3 Nf4 27.g3 Ne6 28.
Rbxd3 Rxd3 29.Rxd3+ Kc8 30.Bd6 Bf6 31.c5 Kd7 32.Bf8+ Kc6 33.Na7+ Kc7 34.
Bd6+ Kd7 35.c6+ bxc6 36.Be5+ Ke7 37.Nxc6+ Kf8 38.Bxf6 gxf6 39.Nd4 Rb8 40.
Rb3 Rc8 41.Nxe6+ fxe6 42.Rb1 Ra8 43.Ra1 Ra4 44.Ke2 Ke7 45.Kd3 Kd6 46.Kc3 
Kc5 47.Kb3 Kb5 48.Re1 Ra6 49.Re4 Rd6 50.Rb4+ Kc5 51.Rc4+ Kb6 52.a4 Rd5 53.
Rf4 f5 54.Kb4 Rc5 55.Rd4 Re5 56.Rh4 Re2 57.Rf4 Rb2+ 58.Kc3 Ra2 59.Kd4 Kc6 
60.Ke5 Kd7 61.Kf6 Kd6 62.h4 Rb2 63.h5 Rb8 64.Rd4+ Kc5 65.Rd2 f4 66.g4 f3 
67.g5 Rf8+ 68.Kg7 Rf5 69.g6 hxg6 70.hxg6 Rg5 71.Kf6 Rg4 72.g7 e5 73.Rd8 e4
74.g8=Q Rxg8 75.Rxg8 e3 76.fxe3 1-0

[Event "Oceania zt"]
[Site "Gold Coast"]
[Date "1999.04.21"]
[Round "9"]
[White "Saw, Geoffrey"]
[Black "Weeks, Manuel William"]
[Result "1/2-1/2"]
[WhiteElo "2205"]
[BlackElo "2245"]
[EventDate "1999.04.13"]
[PlyCount "51"]

1.e4 c5 2.Nf3 d6 3.d4 cxd4 4.Nxd4 Nf6 5.Nc3 g6 6.Be3 Bg7 7.f3 O-O 8.Qd2 
Nc6 9.Bc4 Bd7 10.O-O-O Rc8 11.Bb3 Ne5 12.h4 h5 13.Bh6 Bxh6 14.Qxh6 Rxc3 
15.bxc3 Qc7 16.Kb1 Rc8 17.g4 a5 18.gxh5 a4 19.Bd5 Nxd5 20.exd5 Qxc3 21.
hxg6 fxg6 22.Rhg1 Bf5 23.Nxf5 Qxc2+ 24.Ka1 Qc3+ 25.Kb1 Qc2+ 26.Ka1 1/2-1/2

[Event "Oceania zt"]
[Site "Gold Coast"]
[Date "1999.04.21"]
[Round "9"]
[White "Smerdon, David"]
[Black "Laird, Craig"]
[Result "1-0"]
[WhiteElo "2173"]
[BlackElo "2300"]
[EventDate "1999.04.13"]
[PlyCount "77"]

1.e4 Nc6 2.Nf3 d6 3.d4 Nf6 4.Nc3 g6 5.Bg5 Bg7 6.Qd2 a6 7.Bh6 O-O 8.Bxg7 
Kxg7 9.a4 d5 10.e5 Ne4 11.Qe3 Nb4 12.Bd3 Nxc3 13.bxc3 Nxd3+ 14.cxd3 a5 15.
O-O Bd7 16.Nh4 Qe8 17.f4 f5 18.e6 Bxa4 19.g4 fxg4 20.f5 Rf6 21.fxg6 hxg6 
22.Qg5 Ra6 23.Rxa4 Rxf1+ 24.Kxf1 Qf8+ 25.Kg2 Qf6 26.Qxg4 Qxe6 27.Qxe6 Rxe6
28.Rxa5 Re3 29.Rxd5 Rxd3 30.Rc5 c6 31.Nf3 Kf6 32.Kf2 Rd1 33.Ne5 Kf5 34.
Nxc6+ Kf4 35.Nxe7 Rd2+ 36.Ke1 Rxh2 37.Nxg6+ Ke3 38.Kd1 b5 39.Ne5 1-0

[Event "IRI zt"]
[Site "Iran"]
[Date "2000.??.??"]
[Round "1"]
[White "Ghane Gardeh, Shojaat"]
[Black "Karimi, Hamid"]
[Result "1/2-1/2"]
[WhiteElo "2313"]
[BlackElo "2128"]
[EventDate "2000.??.??"]
[PlyCount "109"]

1.d4 Nf6 2.c4 g6 3.Nc3 Bg7 4.Nf3 O-O 5.e3 d6 6.Be2 Nbd7 7.b3 Re8 8.Qc2 e5 
9.Bb2 c6 10.Rd1 e4 11.Nd2 Qe7 12.g4 h6 13.h4 Nf8 14.g5 hxg5 15.hxg5 N6h7 
16.Qxe4 Qd8 17.Qg2 Nxg5 18.Nf1 Qa5 19.Ng3 Nfh7 20.Rd2 Nf6 21.f4 Ne6 22.O-O
c5 23.Bd1 cxd4 24.exd4 Qb6 25.Kh1 Bd7 26.f5 Ng5 27.Nh5 Nxh5 28.Bxh5 Qd8 
29.fxg6 fxg6 30.Bf3 Nxf3 31.Qxf3 Bf5 32.Qd5+ Be6 33.Qxb7 Re7 34.Qg2 Bf5 
35.Qg5 Qe8 36.Nd5 Re2 37.Rfd1 Be4+ 38.Kg1 Bxd5 39.cxd5 Qe4 40.Ba1 Rxd2 41.
Rxd2 Qb1+ 42.Kh2 Qxa1 43.Qxg6 Qe1 44.Qe6+ Qxe6 45.dxe6 Rc8 46.Kg3 Kf8 47.
d5 Ke7 48.Kf3 Rc1 49.Ke4 a5 50.Kd3 Rc5 51.Ke4 a4 52.bxa4 Rc4+ 53.Kf5 Rxa4 
54.Rc2 Ra7 55.Rh2 1/2-1/2

[Event "IRI zt"]
[Site "Iran"]
[Date "2000.??.??"]
[Round "1"]
[White "Ghorbani, Mohsen"]
[Black "Rezaei, Reza"]
[Result "1/2-1/2"]
[WhiteElo "2391"]
[BlackElo "2220"]
[EventDate "2000.??.??"]
[PlyCount "133"]

1.Nf3 Nf6 2.c4 c5 3.Nc3 g6 4.d4 cxd4 5.Nxd4 Bg7 6.e4 O-O 7.Be2 Nc6 8.Be3 
d6 9.O-O Bd7 10.Rc1 a6 11.Nc2 Ne5 12.f3 Rc8 13.Na3 Be6 14.b3 b5 15.cxb5 
Qa5 16.Na4 Rxc1 17.Qxc1 axb5 18.Bb6 Qa8 19.Nxb5 Rc8 20.Nc7 Qb8 21.Ba6 Rf8 
22.Nxe6 fxe6 23.Kh1 Qa8 24.Be2 Ned7 25.Be3 d5 26.exd5 exd5 27.f4 e6 28.Bb5
Rc8 29.Qd1 Qa5 30.Qe2 Nf8 31.Bc5 Ne4 32.b4 Qd8 33.Bd3 Nxc5 34.Nxc5 Qd6 35.
a3 Ra8 36.Nb7 Qc7 37.Na5 Qc3 38.g3 Qxa3 39.Nc6 Qb2 40.Qxb2 Bxb2 41.Rf2 Bf6
42.Bf1 Kf7 43.g4 Ra1 44.Kg2 Nd7 45.Rd2 Rb1 46.f5 Ne5 47.fxe6+ Kxe6 48.Nd4+
Kf7 49.Nc2 Rb2 50.h3 Nc4 51.Bxc4 dxc4 52.Kf1 Bc3 53.Rf2+ Kg7 54.Re2 Bxb4 
55.h4 Kf7 56.h5 gxh5 57.gxh5 Bc5 58.Kg2 Kf6 59.Kf3 Kg5 60.Re5+ Kf6 61.Rxc5
Rxc2 62.Ke3 Rh2 63.Rc6+ Kg5 64.Rc5+ Kg4 65.Rxc4+ Kxh5 66.Kf3 Ra2 67.Kg3 
1/2-1/2

[Event "IRI zt"]
[Site "Iran"]
[Date "2000.??.??"]
[Round "1"]
[White "Kanan Azer, Nasser"]
[Black "Mahjoob, Morteza"]
[Result "0-1"]
[WhiteElo "2166"]
[BlackElo "2298"]
[EventDate "2000.??.??"]
[PlyCount "150"]

1.e4 c5 2.Nf3 e6 3.d4 cxd4 4.Nxd4 a6 5.c4 Nf6 6.Nc3 d6 7.Be2 Be7 8.O-O O-O
9.Be3 Qc7 10.Rc1 b6 11.f3 Bb7 12.Qe1 Nbd7 13.Qf2 Rac8 14.Rfd1 Qb8 15.Nb3 
Bd8 16.h3 Bc7 17.Nd2 Qa8 18.g4 Ne8 19.f4 Nef6 20.Bf3 Nc5 21.Bxc5 bxc5 22.
g5 Nd7 23.Bg4 Rce8 24.Rf1 f6 25.gxf6 Nxf6 26.Bf3 d5 27.e5 d4 28.Ne2 Nd7 
29.Qg2 Bxf3 30.Rxf3 Ba5 31.Rd3 Bxd2 32.Qxa8 Rxa8 33.Rxd2 g5 34.Re1 gxf4 
35.Nc1 Rf5 36.Nd3 Kf7 37.Rg2 a5 38.Re4 Rg8 39.Rxg8 Kxg8 40.Kf2 f3 41.b3 
Kf7 42.a3 Ke7 43.h4 h5 44.Re1 Kd8 45.b4 axb4 46.axb4 cxb4 47.Re4 b3 48.
Rxd4 Kc7 49.Re4 Nxe5 50.Nxe5 b2 51.Re1 Rxe5 52.Rb1 Re2+ 53.Kxf3 Rh2 54.Ke3
Rxh4 55.Rxb2 Rxc4 56.Kd3 Rg4 57.Rh2 h4 58.Ke3 Kd6 59.Kf3 Ra4 60.Re2 Kd5 
61.Rd2+ Rd4 62.Ra2 Rc4 63.Rd2+ Ke5 64.Rd8 Rc3+ 65.Kg4 h3 66.Rh8 Ke4 67.Rh7
e5 68.Rh8 Re3 69.Rh7 Kd3 70.Ra7 Ke2 71.Ra2+ Kf1 72.Ra1+ Kf2 73.Ra2+ Re2 
74.Ra3 h2 75.Rf3+ Kg1 0-1

[Event "IRI zt"]
[Site "Iran"]
[Date "2000.??.??"]
[Round "1"]
[White "Noori, Alireza"]
[Black "Akhavan Rad, A"]
[Result "0-1"]
[WhiteElo "2138"]
[BlackElo "2252"]
[EventDate "2000.??.??"]
[PlyCount "100"]

1.b3 e5 2.Bb2 Nc6 3.e3 Nf6 4.Nf3 d6 5.Be2 Be7 6.d4 exd4 7.exd4 d5 8.O-O 
O-O 9.c4 Bf5 10.Nc3 h6 11.a3 a5 12.Ne5 Be6 13.Bf3 Nb8 14.Re1 c6 15.c5 Nbd7
16.Ng6 fxg6 17.Rxe6 Rf7 18.Qe2 Nf8 19.Re3 N6h7 20.Re1 Bf6 21.Na4 Ng5 22.
Nb6 Rb8 23.Qd1 Nd7 24.Nxd7 Nxf3+ 25.Qxf3 Qxd7 26.Qg3 Rbf8 27.Qxg6 Bh4 28.
Rf3 Rxf3 29.gxf3 Qf5 30.Qxf5 Rxf5 31.Re3 Bg5 32.Re8+ Rf8 33.Rxf8+ Kxf8 34.
Bc3 Bd8 35.f4 Kf7 36.Kg2 Kf6 37.Kf3 Kf5 38.h3 Bc7 39.Bd2 Bd8 40.Be1 g6 41.
Bd2 Bc7 42.Bc3 a4 43.bxa4 Bxf4 44.a5 g5 45.a4 h5 46.Ke2 g4 47.hxg4+ Kxg4 
48.f3+ Kg3 49.Be1+ Kg2 50.a6 bxa6 0-1

[Event "IRI zt"]
[Site "Iran"]
[Date "2000.??.??"]
[Round "2"]
[White "Afshari, Mhamadreza"]
[Black "Akbarinia, Sayed Arash"]
[Result "0-1"]
[WhiteElo "2304"]
[BlackElo "2173"]
[EventDate "2000.??.??"]
[PlyCount "90"]

1.Nf3 d5 2.d4 e6 3.c4 Nf6 4.g3 b6 5.Bg2 Bb7 6.Ne5 Nbd7 7.Qa4 c5 8.dxc5 
Bxc5 9.Nc3 Bd4 10.Nxd7 Qxd7 11.Qxd7+ Kxd7 12.Nb5 Bc5 13.O-O Bc6 14.Rd1 
Bxb5 15.cxb5 Ke7 16.b3 Ne4 17.Bxe4 dxe4 18.Bb2 f6 19.Rac1 Rhd8 20.Rxd8 
Rxd8 21.b4 Bxb4 22.Rc7+ Rd7 23.Rc4 Bc5 24.Bc3 e3 25.fxe3 Bxe3+ 26.Kg2 Bc5 
27.Kf3 e5 28.Bb4 Bxb4 29.Rxb4 Rc7 30.h3 Ke6 31.Rb3 f5 32.g4 g6 33.e3 h5 
34.gxh5 gxh5 35.Rb4 Rc3 36.Ra4 f4 37.Rxa7 Rxe3+ 38.Kg2 Kd5 39.Rh7 Ke4 40.
Rxh5 Re2+ 41.Kg1 Rxa2 42.Rh6 Kf3 43.Rxb6 Ra1+ 44.Kh2 e4 45.Ra6 Rb1 0-1

[Event "IRI zt"]
[Site "Iran"]
[Date "2000.??.??"]
[Round "2"]
[White "Akhavan Rad, A"]
[Black "Mallahi, Amir"]
[Result "0-1"]
[WhiteElo "2252"]
[BlackElo "2350"]
[EventDate "2000.??.??"]
[PlyCount "61"]

1.e4 c5 2.Nc3 Nc6 3.f4 g6 4.Nf3 Bg7 5.Bb5 Nd4 6.O-O Nxb5 7.Nxb5 d5 8.exd5 
a6 9.Nc3 Nf6 10.d4 Nxd5 11.dxc5 Nxc3 12.Qxd8+ Kxd8 13.bxc3 Bxc3 14.Rb1 Kc7
15.Bb2 Bxb2 16.Rxb2 Bg4 17.Ne5 Be6 18.Rfb1 Rab8 19.Kf2 Rhd8 20.Ke3 Rd5 21.
Nd3 Rh5 22.h3 f6 23.Nb4 Rd8 24.c6 a5 25.Na6+ bxa6 26.Rb7+ Kd6 27.R1b6 Rc8 
28.c7+ Kd7 29.Rxa6 Rc5 30.Rba7 Rxc2 31.Rxa5 0-1

[Event "IRI zt"]
[Site "Iran"]
[Date "2000.??.??"]
[Round "2"]
[White "Bagheri, Amir"]
[Black "Alavi Moghaddam, Sayed Javad"]
[Result "1/2-1/2"]
[WhiteElo "2403"]
[BlackElo "2256"]
[EventDate "2000.??.??"]
[PlyCount "49"]

1.Nf3 Nf6 2.Nc3 d5 3.d4 e6 4.Bg5 c5 5.e4 dxe4 6.Nxe4 cxd4 7.Bb5+ Bd7 8.
Nxd4 Bxb5 9.Nxb5 Qa5+ 10.Qd2 Qxd2+ 11.Nxd2 Na6 12.O-O-O Bc5 13.Bxf6 gxf6 
14.Ne4 Ke7 15.Rhe1 Rac8 16.Rd2 Rhd8 17.Rxd8 Rxd8 18.f3 Bb6 19.a3 Nc7 20.
Nbc3 f5 21.Nd2 Bd4 22.Nd1 Nd5 23.c3 Bb6 24.g3 h5 25.b4 1/2-1/2

[Event "IRI zt"]
[Site "Iran"]
[Date "2000.??.??"]
[Round "2"]
[White "Dehghani, Hamid"]
[Black "Kanan Azer, Nasser"]
[Result "1/2-1/2"]
[WhiteElo "2246"]
[BlackElo "2166"]
[EventDate "2000.??.??"]
[PlyCount "101"]

1.e4 e5 2.Bc4 Nf6 3.d3 Be7 4.Nf3 c6 5.O-O d6 6.h3 O-O 7.Re1 Nbd7 8.a4 Nc5 
9.Be3 d5 10.exd5 cxd5 11.Ba2 e4 12.dxe4 dxe4 13.Qxd8 Rxd8 14.Bxc5 Bxc5 15.
Ng5 Rf8 16.Nxe4 Nxe4 17.Rxe4 Bf5 18.Re5 Bd4 19.Rxf5 Bxb2 20.Bxf7+ Rxf7 21.
Rxf7 Kxf7 22.Ra2 Bd4 23.c3 Bc5 24.Nd2 Rc8 25.Ne4 Be7 26.f3 h6 27.Kf2 Rc6 
28.Ke3 Ra6 29.c4 Ra5 30.Kd4 b6 31.Nc3 Bf6+ 32.Kd3 Bxc3 33.Kxc3 Ke6 34.Re2+
Kd7 35.Kb4 Rf5 36.Ra2 Kc6 37.Re2 Kd7 38.Re3 a6 39.Re4 h5 40.Rd4+ Kc7 41.
Kc3 g5 42.h4 Kc6 43.Re4 gxh4 44.Rxh4 Kc5 45.Rh3 Rg5 46.g3 Re5 47.g4 Re3+ 
48.Kd2 hxg4 49.Rh5+ Kd4 50.Rd5+ Kxc4 51.Kxe3 1/2-1/2

[Event "IRI zt"]
[Site "Iran"]
[Date "2000.??.??"]
[Round "2"]
[White "Karimi, Hamid"]
[Black "Ghorbani, Mohsen"]
[Result "0-1"]
[WhiteElo "2128"]
[BlackElo "2391"]
[EventDate "2000.??.??"]
[PlyCount "62"]

1.e4 c5 2.c3 Nf6 3.e5 Nd5 4.d4 cxd4 5.Nf3 e6 6.Qxd4 Nc6 7.Qe4 b6 8.Bc4 
Nde7 9.Bf4 Bb7 10.Qe2 Ng6 11.Bg3 f5 12.exf6 Qxf6 13.O-O Be7 14.Nbd2 Nf4 
15.Qe3 O-O 16.Rfe1 Qh6 17.Bxf4 Rxf4 18.g3 Rf6 19.Qxh6 Rxh6 20.Rad1 Rf8 21.
Bf1 Rhf6 22.Bg2 Nb8 23.Re3 Bc5 24.Rd3 a5 25.b3 g5 26.h3 h5 27.Nxg5 Rxf2 
28.Nde4 Rxa2+ 29.Kh1 Be7 30.h4 Bxg5 31.hxg5 Rxg2 0-1

[Event "IRI zt"]
[Site "Iran"]
[Date "2000.??.??"]
[Round "2"]
[White "Mahjoob, Morteza"]
[Black "Ghaem Maghami, Ehsan"]
[Result "0-1"]
[WhiteElo "2298"]
[BlackElo "2446"]
[EventDate "2000.??.??"]
[PlyCount "90"]

1.e4 c5 2.Nc3 Nc6 3.Nge2 d6 4.d4 cxd4 5.Nxd4 Nf6 6.Bc4 e6 7.Be3 a6 8.Qe2 
Be7 9.O-O-O O-O 10.Rhg1 Nxd4 11.Bxd4 b5 12.Bb3 Bb7 13.e5 dxe5 14.Bxe5 Qa5 
15.g4 b4 16.g5 Ne4 17.Nxe4 Qxe5 18.Rde1 Bxe4 19.Qxe4 Bxg5+ 20.Kb1 Qxe4 21.
Rxe4 Be7 22.f4 g6 23.c3 bxc3 24.bxc3 Rac8 25.Bc4 Rc6 26.Kc2 Rfc8 27.Kb3 
Kf8 28.Rge1 Bh4 29.R1e2 f5 30.Rd4 Bf6 31.Rxe6 Rb8+ 32.Ka4 Rxe6 33.Bxe6 
Bxd4 34.cxd4 Rd8 35.d5 Ke7 36.Ka5 Kd6 37.a4 Kc5 38.h4 Rb8 39.Kxa6 Ra8+ 40.
Kb7 Rxa4 41.Kc7 Ra7+ 42.Kd8 Kd6 43.Ke8 Ra4 44.Bg8 Rxf4 45.Bxh7 Rxh4 0-1

[Event "IRI zt"]
[Site "Iran"]
[Date "2000.??.??"]
[Round "3"]
[White "Ghane Gardeh, Shojaat"]
[Black "Akbarinia, Sayed Arash"]
[Result "1/2-1/2"]
[WhiteElo "2313"]
[BlackElo "2173"]
[EventDate "2000.??.??"]
[PlyCount "111"]

1.d4 d5 2.Bf4 e6 3.e3 Bd6 4.Nf3 Ne7 5.Bd3 c5 6.c3 Nbc6 7.dxc5 Bxc5 8.Nbd2 
Bd6 9.Qa4 Qc7 10.Bxd6 Qxd6 11.Rd1 Bd7 12.Qh4 Ne5 13.Nxe5 Qxe5 14.O-O Qf6 
15.Qb4 O-O 16.Qxb7 Ba4 17.Rb1 Rfb8 18.Qc7 Nc6 19.Qf4 Bb5 20.Qxf6 gxf6 21.
Bxb5 Rxb5 22.c4 dxc4 23.Nxc4 Nb4 24.a3 Nd5 25.b4 f5 26.Rbc1 Kg7 27.Rfd1 
Kf6 28.f3 Rg8 29.Kf2 Rb7 30.g3 Rc7 31.e4 fxe4 32.fxe4 Ne7 33.Nd6 Rxc1 34.
Rxc1 Ng6 35.Rc7 Ne5 36.Rxa7 Rd8 37.Ra6 Ke7 38.Nb5 Rd2+ 39.Ke3 Nc4+ 40.Kf3 
Ne5+ 41.Kf4 Kf6 42.g4 h6 43.h4 Rf2+ 44.Kg3 Rf3+ 45.Kg2 Rf4 46.g5+ hxg5 47.
hxg5+ Kxg5 48.Nd6 Kg4 49.Ra8 Rf3 50.Rg8+ Kf4 51.Rf8 Rg3+ 52.Kf2 Rxa3 53.
Nxf7 Ra2+ 54.Kf1 Nxf7 55.Rxf7+ Kxe4 56.Rh7 1/2-1/2